000 00870nam a22002177a 4500
999 _c4464
_d4464
003 AR-CdUCM
008 190308b ||||| |||| 00| 0 spa d
040 _aMUNICIPALIDAD PROVINCIAL DEL CUSCO
_cBIBLIOTECA MUNICIPAL DEL CUSCO
082 _a869.063 /
_bT73
100 _aTorre, Guillermo de
_910778
245 _aTres conceptos de la literatura Hispanoamericana /
260 _aBuenos Aires :
_bEditorial Losada,
_c1963.
300 _a244 páginas ;
_c20 cm.
500 _aDonación de la familia de Luis Nieto
505 _aConcepto: Tres conceptos de la literatura hispanoamericana -- Visita a Alfonso Reyes y panorama de sus obras completas -- Aproximaciones de Gabriela Mistral -- Victoria Ocampo, memorialista...
650 _aLiteratura argentina
_984
650 _aExperiencias
_914032
650 _aHumanismo
_92496
942 _2ddc
_cLIBROS
945 _adavv